| 000 | 01376cam a2200337 a 4500 | ||
|---|---|---|---|
| 001 | 15964059 | ||
| 005 | 20100114104449.0 | ||
| 008 | 091028s2009 nyu |rb 001 0 eng | ||
| 010 | _a 2009517081 | ||
| 015 |
_aGBA993323 _2bnb |
||
| 016 | 7 |
_a015377201 _2Uk |
|
| 020 | _a9780521760263 (cased) | ||
| 020 | _a9780521757553 (pbk.) | ||
| 035 | _a(OCoLC)ocn319494944 | ||
| 040 |
_aUKM _cUKM _dBTCTA _dYDXCP _dBWK _dVA@ _dNLGGC _dDLC |
||
| 042 |
_aukblsr _alccopycat |
||
| 050 | 0 | 0 |
_aJZ1305 _b.S49 2009 |
| 082 | 0 | 4 |
_a327.2 _222 _bSHA |
| 100 | 1 |
_aSharp, Paul, _d1953- _914545 |
|
| 245 | 1 | 0 |
_aDiplomatic Theory of International Relations / _cPaul Sharp |
| 260 |
_aCambridge ; _aNew York : _bCambridge University Press, 2009 _c2009. |
||
| 300 |
_axi, 339 p. ; _c24 cm. |
||
| 490 | 0 |
_aCambridge Studies in International Relations ; _v111 _914549 |
|
| 504 | _aIncludes bibliographical references (p.312-333) and index. | ||
| 650 | 0 |
_aDiplomacy. _914546 |
|
| 650 | 0 |
_aInternational relations _xPhilosophy. _914547 |
|
| 710 | 2 |
_aBritish International Studies Association. _914548 |
|
| 942 |
_2ddc _cBB |
||
| 999 |
_c14052 _d14052 |
||